01992nam a2200325 4500001000400000003000400004005001700008008004100025020001800066040000800084041001300092082001500105100003500120240003300155245008700188250001900275260004200294300001100336520099200347650002901339650001901368650002401387650001601411655001601427655002001443700004301463942001501506952013201521999001301653198OSt20250528074014.0250203b |||||||g |||| 00| 1 eng d a9788528612271 bpor hengapor a813bD353p1 aDelinsky, Barbara,d1945-9360 aThe passions of Chelsea Kane aPaixões perigosas /cDelinsky, Barbara ; Tradução de A. B. Pinheiro de Lemos a3° edição aRio de JaneirobBertrand Brasilc2013 a518 p. aDepois da morte de sua mãe adotiva, Chelsea Kane, 36 anos, é dominada pela necessidade de descobrir quem são seus pais biológicos. Ela tira uma folga de seu bem-sucedido escritório de arquitetura e vai para a pequena cidade onde nasceu, determinada a descobrir a verdade. Em sua busca, encontrará fortes desafios ao coração e ameaças graves à integridade física. Originalmente escrito em 1992, "Paixões Perigosas", de Barbara Delinsky, está sendo relançado nos Estados Unidos numa luxuosa edição de capa dura, pois, segundo seu editor, "é um clássico, poderoso e inesquecível, talvez o melhor romance desta magnífica autora". Poucas escritoras traduzem tão bem os problemas da alma feminina como a norte-americana Barbara Delinsky. Com personagens memoráveis e uma narrativa envolvente, Paixões Perigosas é o livro que garantiu à escritora um sucesso estrondoso no mundo inteiro. O Brasil estava à espera desse merecido êxito.  0aLiteratura Americana984 0aChick Lit9363 0aAmor e Paixão925 0aFamilia935 0aRomance923 0aFicção 922 aA. B. Pinheiro de LemoseTradutor9109 2ddcn0cBK 00102ddc40708FICaBIBIBbBIBIBcLEd2018-02-02edoaçãol0o813 / D353pp2025-15847r2025-01-31 07:47:58w2025-01-31yBK c198d198